000 00600nam a2200229Ia 4500
003 OSt
005 20220928101800.0
006 a|||||r|||| 00| 0
007 ta
008 220927b |||||||| |||| 00| 0 eng d
024 _a28460
037 _cTextual
040 _aSDCL
_cSDCL
_beng
041 _2eng
_aeng
082 _aQ2:4192, P1;1
100 _aRaganath S
_9395086
245 0 _aAum- pranava in Indian Tradition.
260 _aDelhi
_bEastern Book Linkers
_c2001
300 _a126p.
_ccm.
942 _hQ2:4192, P1;1
_cTEXL
_2CC
999 _c710711
_d710711